| 000 | 00714nam a2200217 i 4500 | ||
|---|---|---|---|
| 001 | 104642 | ||
| 003 | ES-MaACL | ||
| 005 | 20230906183644.0 | ||
| 007 | t| | ||
| 008 | 051207s1951 sp ||||1| spa d | ||
| 100 | 1 |
_aMinnitt, Robert James. _981371 |
|
| 245 | 1 | 0 |
_aManual de anestesiología / _cR.J. Minnitt, J. Gillies; prólogo por Sir Hames R. Learmonth ; versión española del Dr. D. Sánchez Brezmes. |
| 250 | _a1ª ed. | ||
| 260 |
_aMadrid : _bMorata, _c1951. |
||
| 300 |
_a543 p. : _bil. ; _c22 cm. |
||
| 650 | 0 | 4 |
_aAnestesiología. _9172226 |
| 700 | 1 |
_aGillies, John. _956977 |
|
| 700 | 1 |
_aLearmonth, James R. _970986 |
|
| 700 | 1 |
_aSánchez Brezmez, Dalmacio. _9172225 |
|
| 852 |
_aES-MaACL _jD-5867 |
||
| 999 |
_c104642 _d104642 |
||